000 00835nam a22002057a 4500
005 20251108165439.0
008 250721s1993 xx 000 0 ara d
082 1 4 _a954.02/عبا
100 1 _aالحسيني، عباس ميرزا إبن السيد أحمد
245 1 0 _aالحصن المتين في أحوال الوزراء و السلاطين و نواب الهند في أدولكو السيد محمد أمين بن محمد نصير /
264 1 _aالقاهره :
_bدار الكتاب الجامعي،
_c1993.
300 _a295ص
490 0 _aسلسلة تاريخ الإسلام في الهند ؛ 1
650 1 7 _aالهند
650 1 7 _aتاريخ الهند
650 1 7 _aالفتوحات الإسلامية
700 1 _aسليم، محسن محمد حسن
_eتحقيق
942 _2ddc
_cBK
999 _c28157
_d28157